=LDR 00000nam 2200000 4500 =001 INLIS000000000054016 =005 20190517080822 =035 ##$$a 0010-0519000078 =007 ta =008 190517###########################0###### =020 ##$$a 978-979-769-764-8 =082 ##$$a 510.76 =084 ##$$a 510.76 AFI m =100 #$$a Afidah khairunnisa =245 1#$$a Matematika dasar /$c Afidah khairunnisa =250 ##$$a Cet 3 =260 ##$$a Jakarta :$b Rajawali press,$c 2016 =300 ##$$a xvii, 260 hlm. : $b ilus. ; $c 23 Cm. =650 ##$$a Matematika- soal-soal latihan =504 ##$$a Bibliografi hlm 251-252, Indeks hlm 257-258 =990 ##$$a 09680968 =990 ##$$a 51900053